000 00998nam a22003017a 4500
003 CHAP
005 20220329143310.0
008 080325d2005 es a r 00110 spa d
010 _a94623
011 _a95595
020 _a8497323572
035 _a106222
040 _cCHAP
082 0 4 _a628.16
_bG5
100 1 _aGil Rodríguez, Manuel.
_947947
245 1 0 _aProcesos de descontaminación de aguas :
_bcálculos informatizados avanzados
_c/por Manuel Gil Rodríguez
260 _aMadrid :
_bThomson,
_cc2005
300 _axii, 263 p. :
_bilus. ; gráfs.
590 _aBATCH-UPD
_b10
_c20130110
_lUCH01
_h0452
590 _aBATCH-UPD
_b10
_c20130410
_lUCH01
_h0130
590 _aBATCH-UPD
_b10
_c20130914
_lUCH01
_h1542
590 _aCONVERSION
_b10
_c20130109
_lUCH01
_h1352
650 1 4 _aAgua
_xPurificacion.
_92397
650 1 4 _aAguas residuales
_xPurificacion.
_92588
901 _aBK
942 _cLIBRO
949 _a628.16 G5
_bBC
_cLIBRO
_d33724002043058
_eLIBRO
_gI.c/e
_h109322
_i106222
_si
_t$390.00
999 _c94623
_d94623